BOTW Materials Picture Quiz - Statistics

General Stats
  • This quiz has been taken 45 times
    34 since last reset
  • The average score is 60 of 149
Answer Stats
Picture Answer % Correct
Apple
96%
Wildberry
81%
Hearty Durian
78%
Hydromelon
78%
Palm Fruit
70%
Hearty Truffle
67%
Spicy Pepper
67%
Voltfruit
67%
Big Hearty Truffle
63%
Endura Carrot
63%
Mighty Bananas
63%
Hylian Shroom
59%
Acorn
56%
Big Hearty Radish
56%
Chillshroom
56%
Endura Shroom
56%
Hearty Radish
56%
Hyrule Herb
56%
Ironshroom
56%
Rushroom
56%
Sunshroom
56%
Silent Princess
52%
Swift Carrot
52%
Amber
48%
Ancient Screw
48%
Bokoblin Fang
48%
Bokoblin Guts
48%
Bokoblin Horn
48%
Diamond
48%
Fairy
48%
Flint
48%
Hearty Salmon
48%
Mighty Thistle
48%
Moblin Fang
48%
Moblin Guts
48%
Moblin Horn
48%
Opal
48%
Razorshroom
48%
Rock Salt
48%
Ruby
48%
Sapphire
48%
Stamella Shroom
48%
Topaz
48%
Wood
48%
Ancient Gear
44%
Dinraal's Claw
44%
Dinraal's Scale
44%
Farosh's Claw
44%
Farosh's Scale
44%
Fortified Pumpkin
44%
Hinox Guts
44%
Hinox Tooth
44%
Hylian Rice
44%
Lizalfos Horn
44%
Luminous Stone
44%
Molduga Guts
44%
Star Fragment
44%
Zapshroom
44%
Ancient Core
41%
Chuchu Jelly
41%
Goat Butter
41%
Goron Spice
41%
Hinox Toenail
41%
Hyrule Bass
41%
Keese Eyeball
41%
Keese Wing
41%
Lizalfos Tail
41%
Lynel Guts
41%
Lynel Horn
41%
Naydra's Claw
41%
Naydra's Scale
41%
Raw Meat
41%
Tabantha Wheat
41%
Ancient Spring
37%
Armoranth
37%
Bird Egg
37%
Blue Nightshade
37%
Cane Sugar
37%
Fireproof Lizard
37%
Giant Ancient Core
37%
Hearty Bass
37%
Hot-Footed Frog
37%
Lynel Hoof
37%
Molduga Fin
37%
Raw Bird Thigh
37%
Raw Gourmet Meat
37%
Raw Whole Bird
37%
Shard of Dinraal's Fang
37%
Shard of Dinraal's Horn
37%
Shard of Farosh's Fang
37%
Shard of Farosh's Horn
37%
Shard of Naydra's Fang
37%
Shard of Naydra's Horn
37%
Silent Shroom
37%
Swift Violet
37%
Ancient Shaft
33%
Chickaloo Tree Nut
33%
Cool Safflina
33%
Courser Bee Honey
33%
Electric Safflina
33%
Fire Keese Wing
33%
Fleet-Lotus Seeds
33%
Fresh Milk
33%
Hearty Lizard
33%
Ice Keese Wing
33%
Mighty Carp
33%
Monster Extract
33%
Octorok Eyeball
33%
Raw Bird Drumstick
33%
Raw Prime Meat
33%
Warm Safflina
33%
Bright-Eyed Crab
30%
Chillfin Trout
30%
Cold Darner
30%
Electric Keese Wing
30%
Mighty Porgy
30%
Octo Balloon
30%
Octorok Tentacle
30%
Red Chuchu Jelly
30%
Restless Cricket
30%
Sneaky River Snail
30%
Sunset Firefly
30%
Tireless Frog
30%
Warm Darner
30%
White Chuchu Jelly
30%
Armored Carp
26%
Armored Porgy
26%
Electric Darner
26%
Energetic Rhino Beetle
26%
Hightail Lizard
26%
Icy Lizalfos Tail
26%
Lizalfos Talon
26%
Razorclaw Crab
26%
Red Lizalfos Tail
26%
Sizzlefin Trout
26%
Stealthfin Trout
26%
Summerwing Butterfly
26%
Thunderwing Butterfly
26%
Voltfin Trout
26%
Winterwing Butterfly
26%
Yellow Chuchu Jelly
26%
Yellow Lizalfos Tail
26%
Ironshell Crab
22%
Rugged Rhino Beetle
22%
Smotherwing Butterfly
22%
Staminoka Bass
22%
Bladed Rhino Beetle
19%
Hearty Blueshell Snail
19%
Sanke Carp
19%
No matching quizzes found
Score Distribution
Percent of People with Each Score
Percentile by Number Answered
Your Score History
You have not taken this quiz since the last reset